Participación ciudadana y políticas sociales del ámbito local /

Furkejuvvon:
Bibliográfalaš dieđut
Váldodahkki: Ziccardi, Alicia
Searvvušdahkkit: Universidad Autónoma de México. Instituto de Investigaciones Sociales, Consejo Mexicano de Ciencias Sociales Instituto Nacional de Desarrollo Social
Eará dahkkit: coord
Materiálatiipa: Texto
Almmustuhtton: México, D.F.: UNAM. INDESOL. COMERCSO
Fáttát:
Fáddágilkorat: Lasit fáddágilkoriid
Eai fáddágilkorat, Lasit vuosttaš fáddágilkora!

MARC

LEADER 00000 a a2200000 04500
001 30324
003
040
020 |a 970-32-1811-3  
090 |a 194614  
100 |a Ziccardi, Alicia  
110 |a Universidad Autónoma de México. Instituto de Investigaciones Sociales  
245 |a Participación ciudadana y políticas sociales del ámbito local /  |c Universidad Autónoma de México. Instituto de Investigaciones Sociales  
260 |a México, D.F.:   |b UNAM. INDESOL. COMERCSO  
300 |a 462 p  
650 |a POLITICA DE SALUD  
650 |a SALUD DE LA MUJER  
650 |a PARTICIPACION SOCIAL  
650 |a PARTICIPACION DE LA MUJER  
650 |a POLITICA SOCIAL  
650 |a ORGANIZACIONES NO GUBERNAMENTALES  
700 |a coord.  
710 |a Consejo Mexicano de Ciencias Sociales   |a Instituto Nacional de Desarrollo Social  
999 |c 13087  |d 13087